This is the way it works : a collection of machines /

Explains the mechanisms of such machines as the iron lung, the incandescent light bulb, a zipper, and a roller coaster.

Bibliographic Details
Main Author: Gardner, Robert, 1929-
Other Authors: Brown, Jeff
Format: Book
Language:English
Published: Garden City, N.Y. : Doubleday, [1980]
Edition:1st ed.
Subjects:

MARC

Tag First Indicator Second Indicator Subfields
LEADER 00000pam a2200000 a 4500
001 in00000095576
005 20150923173709.0
008 790629s1980 nyua j 00110 engm
010 |a  79007493  
020 |a 0385146973 :  |c $8.95 
020 |a 0385146981 (lib. bdg.) 
035 |a (OCoLC)05171844 
035 |9 AAK8223AM 
040 |a DLC  |c DLC  |d m.c.  |d TXA  |d UtOrBLW 
049 |a [Curr Col] TXAM  |c [1562031] 
050 0 0 |a TJ147  |b  G37 
082 0 |a 680 
100 1 |a Gardner, Robert,  |d 1929- 
245 1 0 |a This is the way it works :  |b a collection of machines /  |c by Robert Gardner ; illustrated by Jeffrey Brown. 
250 |a 1st ed. 
264 1 |a Garden City, N.Y. :  |b Doubleday,  |c [1980] 
264 4 |c ©1980 
300 |a 127 pages :  |b illustrations, (some color) ;  |c 24 cm. 
336 |a text  |b txt  |2 rdacontent 
337 |a unmediated  |b n  |2 rdamedia 
338 |a volume  |b nc  |2 rdacarrier 
500 |a Includes index. 
520 |a Explains the mechanisms of such machines as the iron lung, the incandescent light bulb, a zipper, and a roller coaster. 
650 0 |a Machinery  |v Juvenile literature. 
650 0 |a Electric apparatus and appliances  |x Juvenile literature. 
650 0 |a Medical instruments and apparatus  |x Juvenile literature. 
650 1 |a Machinery. 
700 1 |a Brown, Jeff. 
999 |a MARS 
999 f f |s 069f7151-a9d8-3a09-9d75-0d5f991d81a9  |i 9a566aed-f41e-3b41-b1a7-a7c9af4037dd  |t 0 
952 f f |p ric  |a Texas A&M University  |b Rellis Campus  |c Joint Library Facility  |d Remote Storage  |t 0  |e TJ147 G37  |h Library of Congress classification  |i unmediated -- volume  |m A14806010864 
998 f f |a TJ147 G37  |t 0  |l Remote Storage